Personnel marketing and personnel management : select issues peer-reviewed proceedings of scholarly articles : VEGA 1/0053/12

Salvato in:
Dettagli Bibliografici
Ente Autore: Ekonomická univerzita v Bratislave
Altri autori: Polednáková, Anna, 1957-, Andrejčák, Martin, Kita, Pavol, Králik, Jozef
Natura: Libro
Lingua:slovacco
Pubblicazione: Bratislava Vydavateľstvo EKONÓM 2014
Edizione:1. vyd.
Soggetti:
Tags: Aggiungi Tag
Nessun Tag, puoi essere il primo ad aggiungerne!!

MARC

LEADER 00000nam a2200000 4500
001 0191001
005 20240502073218.9
020 |a 978-80-225-3906-7 
041 0 |a slo 
044 |a SK 
245 1 0 |a Personnel marketing and personnel management : select issues  |b peer-reviewed proceedings of scholarly articles : VEGA 1/0053/12  |c Miroslava Szarková et al., editorial and compilation: Anna Polednáková, Martin Andrejčák ; scientific reviewers: Pavol Kita, Jozef Králik 
250 |a 1. vyd. 
264 1 |a Bratislava  |b Vydavateľstvo EKONÓM  |c 2014 
300 |a 170 s. [9,1 AH] 
610 2 0 |a marketing personálny 
610 2 0 |a manažment personálny 
610 2 0 |a migrácia 
610 2 0 |a kapitál ľudský 
610 2 0 |a trh práce 
610 2 0 |a audit personálny 
700 1 |a Polednáková, Anna, 1957- 
700 1 |a Andrejčák, Martin 
700 1 |a Kita, Pavol 
700 1 |a Králik, Jozef 
710 2 |a Ekonomická univerzita v Bratislave